Revue philosophique de Louvain

محفوظ في:

التنسيق: دورية

اللغة: Undetermined

منشور في: JSTOR
Peeters Publishers

الموضوعات:

الوصول للمادة أونلاين: Login to view Source

الوسوم: إضافة وسم

لا توجد وسوم, كن أول من يضع وسما على هذه التسجيلة!

رقم الطلب:

LEADER 00506nas a2200169Ia 4500
008 220214c99999999xx |||||||||||| ||und||
022 |a 0035-3841 
022 |a 1783-1768 
245 0 0 |a Revue philosophique de Louvain 
264 1 |b JSTOR 
264 1 |b Peeters Publishers 
362 0 |a Vol. 44(1946)-113 (2015) 
653 1 0 |a Philosophy 
856 4 0 |u https://www.jstor.org/journal/revuphillouv 
942 |c JL 
952 |0 0  |1 0  |4 0  |7 1  |9 37058  |a JSR  |b JSR  |d 2022-02-14  |l 0  |r 2022-02-14 00:00:00  |w 2022-02-14  |y JL 
999 |c 45390  |d 45390